LEADER 01107nam a2200265 4500 001 000000363418 003 CaOOAMICUS 005 20250715145444.0 008 250627s2014 it 000 u ita r 020 $a978-88-10-20809-0 040 $aSeMil$bita 100 1 $aHeritier, Paolo.$0(OLS)http://semarc/name/13215 245 13$aLa dignitą disabile :$bestetica giuridica del dono e dello scambio /$cPaolo Heritier. 264 1$aBologna :$bEDB,$c2014. 300 $a140 p. ;$c20 cm 490 1 $aPerConoscenza 650 4$aDono - Filosofia del diritto.$0(OLS)http://semarc/subject/58197 830 0$aPerConoscenza.$0(OLS)http://semarc/title/12638 850 $aSeMil 852 $aSeMil$W1$xVenegono$y1$m2G I 15$j259740$B254269$CSeMilBibl$Z2$F254269 $81 961 $aSequeri mons. Pierangelo - Omaggio 996 $6020$a978-88-10-20809-0$9(OLS)http://semarc/number/303551 996 $6245$aLa dignitą disabile :$bestetica giuridica del dono e dello scambio$9(OLS)http://semarc/title/454612 996 $6264$aBologna :$bEDB$9(OLS)http://semarc/publisher/29669 LEADER 01202nam a2200289 i 4500 001 000000041313 003 CaOOAMICUS 005 20090401000000.0 008 090401s1994 it u000 u ita u 013 $a12483 020 $a88-215-2881-2 040 $aSeMil$bita 240 14$aDas Papsttum 1.-2-$0(OLS)http://semarc/title/59771 245 10$aStoria dei papi /$ca cura di Martin Greschat e Elio Guerriero. 260 $aCinisello Balsamo :$bSan Paolo,$c1994. 300 $a1015 p. ;$c23 cm. 490 0 $aStoria della Chiesa. Sussidi ;$v4. 650 4$aPapato - Storia.$0(OLS)http://semarc/subject/198 700 1 $aGuerriero, Elio,$d<1948- >.$0(OLS)http://semarc/name/487 700 1 $aGreschat, Martin,$d<1934-2017>.$0(OLS)http://semarc/name/13663 830 0$aStoria della Chiesa. Sussidi ;$v4.$0(OLS)http://semarc/title/6201 850 $aSeMil 852 $aSeMil$W1$xVenegono$y1$m3A III 246$j7468$B7468$CSeMilBibl$Z2$F7468 $81 961 $aAcquisto: Casa editrice 996 $6020$a88-215-2881-2$9(OLS)http://semarc/number/12033 996 $6245$aStoria dei papi$9(OLS)http://semarc/title/28686 996 $6260$aCinisello Balsamo :$bSan Paolo$9(OLS)http://semarc/publisher/30129